| 000 | 00000nas 2200000za 4500 |
| 001 | 9.826315 |
| 003 | CaOODSP |
| 005 | 20221107144546 |
| 007 | cr ||||||||||| |
| 008 | 161025d19431959oncar p oss f0###a0eng|d |
| 022 | |y0700-0928 |
| 040 | |aCaOODSP|beng |
| 043 | |an-cn--- |
| 086 | 1 |aCS41-204E-PDF |
| 245 | 04|aThe aluminum products industry |h[electronic resource]. |
| 260 | |aOttawa : |bDominion Bureau of Statistics, Mining, Metallurgical and Chemical Branch, |c[1945]-1961. |
| 310 | |aAnnual |
| 362 | 0 |a1943-1959. |
| 490 | 0 |aCensus of Industry |
| 500 | |aDigitized edition from print [produced by Statistics Canada]. |
| 515 | |aIssues for 1941-1942 not published. |
| 515 | |aIssues for 1949-1950, 1954-1957 called v. 2, pt. 14-B-1; 1951-1953 called v. 2, pt. 12-B-1. |
| 520 | |aImports, exports and manufacture of ores of ingots, block kitchen and aluminum bars, rods, and hollow ware. |
| 550 | |aIssued 1945-1946 by Mining, Metallurgical and Chemical Statistics; 1947-1952 by Mining, Metallurgical & Chemical Section; 1953-1956 by Metal and Chemical Products Section; 1957-1959 by Industry and Merchandising Division. |
| 580 | |aA part of Aluminum products industry, is continued by Aluminum rolling, casting and extruding (Final). |
| 580 | |aA part of Aluminum products industry merged with a part of Brass and copper products industry (1948); and, a part of Sheet metal products industry (1948); to become: Metal stamping, pressing and coating industry. |
| 692 | 07|2gccst|aMetalworking industry |
| 692 | 07|2gccst|aStatistics |
| 710 | 1 |aCanada. |bDominion Bureau of Statistics. |bMining, Metallurgical and Chemical Branch. |
| 710 | 1 |aCanada.|bCensus of Industry.|bMining, Metallurgical and Chemical Statistics. |
| 710 | 1 |aCanada. |bDominion Bureau of Statistics. |bMining, Metallurgical and Chemical Section. |
| 710 | 1 |aCanada. |bDominion Bureau of Statistics. |bMetal and Chemical Products Section. |
| 710 | 1 |aCanada. |bDominion Bureau of Statistics. |bIndustry and Merchandising Division. |
| 780 | 00|tThe aluminum products industry in Canada |w(CaOODSP)9.826311 |
| 780 | 00|tAluminum rolling, casting and extruding |w(CaOODSP)9.826317 |
| 785 | 00|tMetal stamping, pressing and coating industry |w(CaOODSP)9.827618 |